000 00504nam a2200193 a 4500
001 1766824440662
003 YourLibrary
005 20251229124156.0
008 251227s2008##################000#0#eng##
020 _a9781847062307
082 0 4 _a207.571
_bWOO
100 1 _aWood, Cavan,
_eauthor.
245 1 0 _a100 Ideas for Teaching Religious Education :
260 _bContinuum,
_c2008.
300 _a132 pages
650 0 _aEducation.
942 _cENGLISH
040 _aYourLibrary
_beng
_cYourLibrary
999 _c605619
_d605619